| 000 | 01350nam a22002895a 4500 | ||
|---|---|---|---|
| 003 | OSt | ||
| 005 | 20161217131038.0 | ||
| 008 | 161217s2008 ua frb 000 0 ara d | ||
| 015 | _a2007/22398 | ||
| 040 |
_aEG-ScBUE _bara _cEG-ScBUE |
||
| 043 |
_af-ua--- _ae-fr--- |
||
| 082 | 0 | 4 |
_a346.0926 _bع ب د _222 |
| 100 | 1 | _aعبد الحميد، عاشور عبد الجواد. | |
| 245 | 1 | 2 |
_aالنظام القانوني لرهن الأوراق المالية : _bدراسة مقارنة في القانونين المصري والفرنسي / _cعاشور عبد الجواد عبد الحميد. |
| 260 |
_aالقاهرة : _bدار النهضة العربية، _c2008. |
||
| 300 |
_a184 ص. ؛ _c24 سم. |
||
| 500 | _aيشتمل على قائمة تصويب الأخطاء المطبعية. | ||
| 500 | _aيشتمل على قائمة بالمختصرات. | ||
| 504 | _aيشتمل على إرجاعات ببليوجرافية. | ||
| 650 | 7 |
_aالأوراق المالية _xقوانين وتشريعات _zمصر. _2BUEsh |
|
| 650 | 7 |
_aالأوراق المالية _xقوانين وتشريعات _zفرنسا. _2BUEsh |
|
| 650 | 7 |
_aالرهن _xقوانين وتشريعات _zمصر. _2BUEsh |
|
| 650 | 7 |
_aالرهن _xقوانين وتشريعات _zفرنسا. _2BUEsh |
|
| 651 | _2BUEsh | ||
| 653 |
_bLLAAWW _cDecember2016 |
||
| 942 | _2ddc | ||
| 999 |
_c23601 _d23573 |
||